Haritada 2020 Türkvizyon Ülkeleri - Statistics

General Stats
  • This quiz has been taken 27 times
  • The average score is 5 of 14
Answers on the Map
Answers color-coded by a green-red scale on the quiz's map according to % correct below.
 
Answer Stats
Answer % Correct
Türkiye
100%
Azerbaycan
84%
Kazakistan
80%
Kırgızistan
72%
Ukrayna
40%
Almanya
36%
Arnavutluk
20%
Romanya
20%
Bosna-Hersek
16%
Moldova
16%
Polonya
16%
Belarus
12%
Sırbistan
12%
Kuzey Makedonya
8%
No matching quizzes found
Score Distribution
Percent of People with Each Score
Percentile by Number Answered
Your Score History
You have not taken this quiz